000
00211 a2200097 4500
001
57564
100
_a
245
_a
English vocabulary in use
260
_a
UK
_b
Cambridge
_c
2003
090
_c
35298
_d
35298
942
_a
NUST-CAE
_c
MONOGRAPH
_c
28111
999
_c
292637
_d
292637